00752nam a2200169 i 450000100060000000300090000600500170001500700030003200800410003510000200007624500790009626000600017530000440023560000370027965100580031685202080037455446ES-MaACL20250818043012.0t|030919s1917 fr ||||1| fre d1 aDermée, Paul.10aCarranza b: sa vie, son röle politique : (1859-1917) / cPaul Dermée. aParis : b[s.n.], c1917 (fImp. Centrale de la Bourse) a32 p., [1] de lám. : bil. ; c22 cm.14aCarranza, Venustiano,d1859-1920 aMéxico-xHistoria-y1910-1917, Revolución armada. aES-MaACLj1565-F-4 z.- Sello en la port:: Legación de los Estados Unidos Mexicanos z.- Anotación manuscrita en verso cubierta: "Humilede trabajo de propaganda de Luis Quintanilla, Paris, mayo 1917"